Countries Containing M - Statistics

General Stats
  • This quiz has been taken 520 times
    505 since last reset
  • The average score is 47 of 53
Answer Stats
Country % Correct
Mali
98%
Monaco
98%
Malawi
95%
Mauritania
95%
Mauritius
95%
Morocco
95%
Cameroon
93%
Gambia
93%
Mongolia
93%
Mozambique
93%
United Kingdom
93%
Yemen
93%
Zambia
93%
Cambodia
91%
Guatemala
91%
Jamaica
91%
Luxembourg
91%
Maldives
91%
Marshall Islands
91%
Montenegro
91%
Myanmar
91%
Suriname
91%
Zimbabwe
91%
Armenia
89%
Belgium
89%
Denmark
89%
Dominican Republic
89%
Federated States of Micronesia
89%
Macedonia
89%
Madagascar
89%
Malaysia
89%
Malta
89%
Mexico
89%
Moldova
89%
Namibia
89%
Oman
89%
Panama
89%
Vietnam
89%
Dominica
86%
Romania
86%
Samoa
86%
San Marino
86%
Somalia
86%
Bahamas
84%
Germany
84%
Solomon Islands
84%
Turkmenistan
84%
Democratic Republic of the Congo
82%
Sao Tome and Principe
82%
United Arab Emirates
82%
Comoros
77%
East Timor
77%
United States of America
75%
No matching quizzes found
Score Distribution
Percent of People with Each Score
Percentile by Number Answered
Your Score History
You have not taken this quiz since the last reset